| 000 | 00687nam a22001937a 4500 | ||
|---|---|---|---|
| 999 |
_c170264 _d170264 |
||
| 005 | 20210831122802.0 | ||
| 010 | _aENG-127102 ENG-129803 | ||
| 020 |
_c350.00 _a9789353167691 |
||
| 035 | _aEN-110634 EN-113335 | ||
| 037 | _bDBAD/PUB | ||
| 082 | _a320 | ||
| 100 | _aKhurshid, Salman | ||
| 245 |
_aGovernance constitution and social justice : _cby Salman Khurshid [and] Gaurav Gupta _bfor civil services and other state examinations / |
||
| 260 |
_aChennai _bMcGraw Hill Education _c2020 |
||
| 270 |
_a444/1, Sri Ekambara Naicker Industrial Estate _bPorur , Chennai _e600116 |
||
| 300 |
_axx,419. _c23cm(pbk) |
||
| 700 | _aGupta, Gaurav | ||
| 942 |
_2ddc _cEN _h320 _mKHU |
||